[Event "EU-ch Seniors 50 19th"]
[White "Makropoulou, Marina"]
[Black "Van den Bersselaar, Henri"]
[Site "Rhodes"]
[Round "5"]
[Result "1/2-1/2"]
[Date "2019.04.10"]
[WhiteElo "2160"]
[BlackElo "1937"]
[PlyCount "107"]
[EventDate "2019.04.06"]
[EventType "swiss"]
[EventRounds "9"]
[EventCountry "GRE"]
[SourceTitle "CBM 189 Extra"]
[Source "ChessBase"]
[SourceDate "2019.05.31"]
[SourceVersion "1"]
[SourceVersionDate "2019.05.31"]
[SourceQuality "1"]

1. e4 d5 2. exd5 Qxd5 3. Nc3 Qd6 4. d4 Nf6 5. Nf3 c6 6. Be2 Bg4 7. Be3 e6 8. Qd2 Qc7 9. h3 Bxf3 10. Bxf3 Nbd7 11. 0-0 Nb6 12. Qe2 Be7 13. Ne4 Nxe4 14. Bxe4 Nd5 15. Bd2 Nf6 16. Bd3 Rd8 17. c3 0-0 18. Rad1 Qa5 19. Rfe1 Qh5 20. Qf1 Bd6 21. Qe2 Qxe2 22. Rxe2 Nd5 23. g3 Rfe8 24. c4 Nc7 25. Bc3 Be7 26. Red2 Bf6 27. Be4 Rd7 28. Kf1 Red8 29. Ke2 Ne8 30. a4 Nd6 31. Bd3 Ne8 32. Bc2 Nc7 33. Be4 g6 34. b4 a6 35. f4 h5 36. h4 Kf8 37. Ke3 Kg7 38. Ke2 Kf8 39. b5 axb5 40. axb5 cxb5 41. Bxb7 bxc4 42. Bc6 Nd5 43. Ba5 Rd6 44. Bxd5 exd5 45. Bxd8 Bxd8 46. Ra2 Re6+ 47. Kf3 Bf6 48. Ra5 Rd6 49. Ke3 Re6+ 50. Kd2 Bxd4 51. Rxd5 c3+ 52. Kd3 Bf2 53. Kxc3 Bxg3 54. f5 1/2-1/2

[Event "EU-ch Seniors 50 19th"]
[White "Van den Bersselaar, Henri"]
[Black "Edvardsen, Ragnar"]
[Site "Rhodes"]
[Round "4"]
[Result "1-0"]
[Date "2019.04.09"]
[WhiteElo "1937"]
[BlackElo "1984"]
[PlyCount "67"]
[EventDate "2019.04.06"]
[EventType "swiss"]
[EventRounds "9"]
[EventCountry "GRE"]
[SourceTitle "CBM 189 Extra"]
[Source "ChessBase"]
[SourceDate "2019.05.31"]
[SourceVersion "1"]
[SourceVersionDate "2019.05.31"]
[SourceQuality "1"]

1. d4 Nf6 2. Nc3 d5 3. Bf4 c6 4. e3 g6 5. h4 Bg7 6. Bd3 Qa5 7. Qd2 Nbd7 8. Nf3 a6 9. Ne5 Nxe5 10. Bxe5 Nh5 11. Bxg7 Nxg7 12. 0-0-0 Bf5 13. Be2 h5 14. f3 0-0-0 15. e4 dxe4 16. fxe4 Be6 17. a3 Ne8 18. d5 cxd5 19. exd5 Nf6 20. Bf3 Bf5 21. Qe3 Qc7 22. Rd2 Rd6 23. Re1 Re8 24. Rde2 e6 25. Qd4 Nd7 26. g4 hxg4 27. Bxg4 Qc5 28. Qf4 Bxg4 29. Ne4 Qc7 30. Nxd6+ Kb8 31. Qxg4 Qxd6 32. dxe6 Nf6 33. exf7 Rf8 34. Qxg6 1-0

[Event "EU-ch Seniors 50 18th"]
[White "Van den Bersselaar, Henri"]
[Black "Sielicki, Tomasz"]
[Site "Drammen"]
[Round "8"]
[Result "1-0"]
[Date "2018.08.11"]
[WhiteElo "1897"]
[BlackElo "1956"]
[PlyCount "157"]
[EventDate "2018.08.04"]
[EventType "swiss"]
[EventRounds "9"]
[EventCountry "NOR"]
[SourceTitle "CBM 185 Extra"]
[Source "ChessBase"]
[SourceDate "2018.07.29"]
[SourceVersion "1"]
[SourceVersionDate "2018.07.29"]
[SourceQuality "1"]

1. d4 Nf6 2. Nf3 d5 3. Bf4 c5 4. e3 Nc6 5. c3 Qb6 6. Qb3 c4 7. Qxb6 axb6 8. Na3 Bf5 9. Nh4 e6 10. Nxf5 exf5 11. Nc2 b5 12. a3 Kd7 13. Be2 Bd6 14. Bg3 Ne4 15. Bxd6 Kxd6 16. f3 Nf6 17. Kd2 h5 18. h4 Na5 19. Rag1 Rh6 20. Bd1 Nb3+ 21. Ke1 Re8 22. Kf2 Na5 23. g3 Nc6 24. Ne1 Nd8 25. Ng2 Ne6 26. Bc2 g6 27. Re1 Rhh8 28. Re2 Re7 29. Rhe1 Rhe8 30. Kf1 Nc7 31. Kf2 Ne6 32. Ra1 Ra8 33. Ree1 b6 34. Ke2 Nd8 35. Kd2 Nc6 36. Nf4 Nd8 37. Nh3 Ne6 38. Nf2 Nc7 39. Rg1 Rae8 40. Rae1 Ne6 41. e4 fxe4 42. fxe4 dxe4 43. Nxe4+ Nxe4+ 44. Rxe4 f5 45. Re5 Nc7 46. Rxe7 Rxe7 47. Rf1 Nd5 48. Rf3 Nf6 49. Re3 Nd5 50. Rxe7 Kxe7 51. Bd1 Kf6 52. Bf3 Nc7 53. Ke3 g5 54. Bc6 f4+ 55. gxf4 gxh4 56. d5 h3 57. Kf3 h2 58. Kg2 Kf5 59. d6 Ne6 60. Bd7 Kf6 61. Kxh2 Nxf4 62. Bxb5 Ke6 63. Kg3 Ng6 64. d7 Ke7 65. Bxc4 Ne5 66. Bb5 Nxd7 67. Bxd7 Kxd7 68. c4 Kd6 69. b4 Ke5 70. a4 Kd4 71. a5 bxa5 72. bxa5 Kc5 73. Kh4 Kc6 74. Kxh5 Kb7 75. c5 Ka6 76. c6 Ka7 77. Kg5 Kb8 78. a6 Kc7 79. a7 1-0

[Event "EU-ch Seniors 50 18th"]
[White "Van den Bersselaar, Henri"]
[Black "Evensen, Per Erik"]
[Site "Drammen"]
[Round "6"]
[Result "1-0"]
[Date "2018.08.09"]
[WhiteElo "1897"]
[BlackElo "1447"]
[PlyCount "135"]
[EventDate "2018.08.04"]
[EventType "swiss"]
[EventRounds "9"]
[EventCountry "NOR"]
[SourceTitle "CBM 185 Extra"]
[Source "ChessBase"]
[SourceDate "2018.07.29"]
[SourceVersion "1"]
[SourceVersionDate "2018.07.29"]
[SourceQuality "1"]

1. d4 Nf6 2. e3 e6 3. Bd3 d5 4. Nd2 c5 5. c3 Nc6 6. f4 Be7 7. Ngf3 0-0 8. Ne5 cxd4 9. exd4 Nd7 10. 0-0 f6 11. Qh5 f5 12. Nxd7 Bxd7 13. Nf3 Be8 14. Qh3 Rc8 15. Re1 Bd7 16. Bd2 Rf6 17. g3 Rh6 18. Qf1 Rf6 19. Re2 h6 20. Rae1 Qb6 21. b4 a6 22. a3 Nd8 23. Ne5 Bb5 24. Bxb5 Qxb5 25. Re3 Qxf1+ 26. Kxf1 Bd6 27. Nf3 Rc7 28. Bc1 g6 29. Bb2 Re7 30. Nd2 g5 31. Rf3 gxf4 32. gxf4 Rg6 33. Kf2 Reg7 34. Ke3 Rg2 35. h3 R7g3 36. Bc1 h5 37. c4 dxc4 38. Nxc4 Bc7 39. Ne5 Nf7 40. Ref1 Nd6 41. Rxg3+ Rxg3+ 42. Rf3 Rxf3+ 43. Kxf3 Ne4 44. Nd3 Kf7 45. Bb2 Nd2+ 46. Ke3 Nc4+ 47. Kf3 Nd2+ 48. Ke2 Nc4 49. Bc1 Bb6 50. Nc5 Nd6 51. Kd3 Bc7 52. Be3 a5 53. Bd2 axb4 54. Bxb4 Nb5 55. Nxb7 Bxf4 56. a4 Na7 57. Bd6 Bxd6 58. Nxd6+ Kf6 59. h4 Nc6 60. Nc4 Nb4+ 61. Ke2 Nd5 62. a5 f4 63. a6 Nc7 64. a7 Kf5 65. Kf3 Na8 66. Nd6+ Kf6 67. Kxf4 Nc7 68. Ne8+ 1-0

[Event "EU-ch Seniors 50 18th"]
[White "Eriksen, Terje"]
[Black "Van den Bersselaar, Henri"]
[Site "Drammen"]
[Round "2"]
[Result "1/2-1/2"]
[Date "2018.08.05"]
[WhiteElo "2142"]
[BlackElo "1897"]
[PlyCount "89"]
[EventDate "2018.08.04"]
[EventType "swiss"]
[EventRounds "9"]
[EventCountry "NOR"]
[SourceTitle "CBM 185 Extra"]
[Source "ChessBase"]
[SourceDate "2018.07.29"]
[SourceVersion "1"]
[SourceVersionDate "2018.07.29"]
[SourceQuality "1"]

1. c4 c6 2. Nf3 d5 3. g3 e6 4. Bg2 Bd6 5. 0-0 Nd7 6. d3 Ngf6 7. Nc3 0-0 8. e4 dxe4 9. dxe4 Qc7 10. Qe2 e5 11. h3 Re8 12. Rd1 b6 13. Rb1 a5 14. Bg5 Bb4 15. Rbc1 h6 16. Bd2 Ba6 17. Nh4 Rad8 18. Na4 Bf8 19. Be3 Qb8 20. Nf5 b5 21. cxb5 Bxb5 22. Qc2 Bxa4 23. Qxa4 Qxb2 24. Rxc6 Qb4 25. Qc2 Rb8 26. Bd2 Qb2 27. Bxa5 Qa3 28. Qc3 Qxa2 29. Rd2 Qb1+ 30. Kh2 Nxe4 31. Bxe4 Qxe4 32. Qc2 Nf6 33. Nxh6+ gxh6 34. Rxf6 Qxc2 35. Rxc2 Rbc8 36. Rc7 Rxc7 37. Bxc7 Bg7 38. Rb6 Kh7 39. Kg2 Re7 40. Bd6 Re6 41. Kf3 Bf8 42. Bc7 Rxb6 43. Bxb6 f5 44. Bc7 Bg7 45. Bd8 1/2-1/2

[Event "Reykjavik op"]
[White "Kvendseth, Thyra"]
[Black "Van den Bersselaar, Henri"]
[Site "Reykjavik"]
[Round "5"]
[Result "0-1"]
[Date "2018.03.10"]
[WhiteElo "1757"]
[BlackElo "1956"]
[PlyCount "42"]
[EventDate "2018.03.06"]
[EventType "swiss"]
[EventRounds "9"]
[EventCountry "ISL"]
[SourceTitle "CBM 183 Extra"]
[Source "ChessBase"]
[SourceDate "2018.04.19"]
[SourceVersion "1"]
[SourceVersionDate "2018.04.19"]
[SourceQuality "1"]

1. e4 d5 2. exd5 Qxd5 3. Nc3 Qd6 4. d4 Nc6 5. Nb5 Qd7 6. Bf4 e5 7. dxe5 Bb4+ 8. c3 Ba5 9. Qxd7+ Bxd7 10. e6 fxe6 11. Nxc7+ Bxc7 12. Bxc7 Nf6 13. Nf3 Nd5 14. Bg3 0-0-0 15. 0-0-0 Rhf8 16. Ng5 h6 17. Ne4 Nf4 18. Nc5 e5 19. f3 Bf5 20. Bb5 a6 21. Bxc6 Ne2# 0-1

[Event "Reykjavik op"]
[White "Sigurvaldason, Hjalmar"]
[Black "Van den Bersselaar, Henri"]
[Site "Reykjavik"]
[Round "3"]
[Result "0-1"]
[Date "2018.03.07"]
[WhiteElo "1499"]
[BlackElo "1956"]
[PlyCount "90"]
[EventDate "2018.03.06"]
[EventType "swiss"]
[EventRounds "9"]
[EventCountry "ISL"]
[SourceTitle "CBM 183 Extra"]
[Source "ChessBase"]
[SourceDate "2018.04.19"]
[SourceVersion "1"]
[SourceVersionDate "2018.04.19"]
[SourceQuality "1"]

1. e4 d5 2. exd5 Qxd5 3. d4 Nc6 4. c3 e5 5. Be3 Nf6 6. Nf3 Bg4 7. Be2 0-0-0 8. 0-0 Kb8 9. c4 Qd7 10. d5 e4 11. Nfd2 Bxe2 12. Qxe2 Nb4 13. Nc3 Re8 14. Nb3 Qg4 15. f3 exf3 16. Rxf3 Na6 17. Qd3 Nb4 18. Qe2 b6 19. a3 Na6 20. Rd1 Nc5 21. Nd4 Nce4 22. Nc6+ Kb7 23. Nb5 a6 24. Nbd4 Bd6 25. h3 Qg6 26. Qd3 Nd7 27. b4 Ne5 28. Nxe5 Bxe5 29. Nc6 Bf6 30. c5 Nc3 31. Qxg6 hxg6 32. Rd3 Nxd5 33. Rxd5 Kxc6 34. Rd1 Rd8 35. Rc1 Kb7 36. Bf4 b5 37. g4 Rhe8 38. Kf2 Bd4+ 39. Kg3 Kc6 40. Rff1 f6 41. Bd2 g5 42. Bc3 Be3 43. Rce1 Rd3 44. Bb2 Bf4+ 45. Kf2 Rxh3 0-1